|
|
|
|
| LEADER |
00960nam a2200277 a 4500 |
| 001 |
2781 |
| 003 |
BD-DhAAL |
| 005 |
20150316091324.0 |
| 008 |
150316s1998 nyu b 000 0 eng |
| 010 |
|
|
|a 97000041
|
| 020 |
|
|
|a 0471133043 (pbk. : alk. paper)
|
| 040 |
|
|
|a DLC
|c DLC
|d DLC
|d BD-DhAAL
|
| 050 |
0 |
0 |
|a HD58.7
|b .R57 1998
|
| 082 |
0 |
0 |
|a 650.1
|2 21
|
| 100 |
1 |
|
|a Ritti, R. Richard.
|9 9685
|
| 245 |
1 |
4 |
|a The ropes to skip and the ropes to know :
|b studies in organizational behavior /
|c R. Richard Ritti.
|
| 250 |
|
|
|a 5th ed.
|
| 260 |
|
|
|a New York :
|b Wiley,
|c c1998.
|
| 300 |
|
|
|a xi, 287 p. ;
|c 23 cm.
|
| 490 |
|
|
|a Wiley series in management
|
| 504 |
|
|
|a Includes bibliographical references (p. 280-287).
|
| 541 |
|
|
|e 2781
|
| 650 |
|
0 |
|a Organizational behavior.
|9 9686
|
| 942 |
|
|
|2 ddc
|c BK
|
| 999 |
|
|
|c 34052
|d 34052
|
| 952 |
|
|
|0 0
|1 0
|2 ddc
|4 0
|6 650_100000000000000_RIT
|7 0
|9 53143
|a SCL
|b SCL
|c GEN
|d 2015-03-16
|l 0
|o 650.1 RIT
|p 3020002781
|r 2015-03-16
|t 1
|w 2015-03-16
|y BK
|